| 000 | 00692nam a2200217 a 4500 | ||
|---|---|---|---|
| 005 | 20240910063836.0 | ||
| 008 | 120626s2008 es r 000 0 spa d | ||
| 020 | _a9788420471464 | ||
| 035 | _aUPN01000185476 | ||
| 049 | _aCG | ||
| 050 | 4 |
_aPS3552 E7.6 _bM3.3 |
|
| 100 | 1 |
_aBernstein, Nina _932400 |
|
| 245 | 1 | 0 |
_aMagia en el libro / _cNina Bernstein ; il. Boris Kulikov ; tr. Vanesa Pérez-Sauquillo. |
| 260 |
_aMadrid : _bAlfaguara, _c2008. |
||
| 300 |
_a223 p. : _bil. |
||
| 440 | 0 | _aAlfaguara juvenil | |
| 534 |
_pTítulo original: _tMagic by the book |
||
| 650 | 4 |
_aLiteratura juvenil estadounidense _912776 |
|
| 650 | 4 |
_aLIBROS Y LECTURA PARA LA JUVENTUD _910549 |
|
| 905 | _aLibro | ||
| 999 |
_c157579 _d157579 |
||